Termomechanika

Gespeichert in:
Bibliographische Detailangaben
1. Verfasser: Klenovčanová, Alexandra (Verfasst von)
Format: Buch
Sprache:Slowakisch
Veröffentlicht: Košice : Michal Vaško, 2006
Schlagworte:
Online-Zugang:OBSAH
Tags: Tag hinzufügen
Keine Tags, Fügen Sie das erste Tag hinzu!

MARC

LEADER 00000nam a22000003a 4500
001 stu141384
005 20150617225927.5
008 070516s2006----xo------------------slo-d
020 |a 80-7165-578-3 
040 |a STU  |b slo 
041 0 |a slo 
044 |a xo 
080 |a 536 
100 1 |a Klenovčanová, Alexandra  |4 aut 
245 1 |a Termomechanika 
260 |a Košice :  |b Michal Vaško,  |c 2006 
300 |a 115 s 
650 7 |a Termomechanika  |2 stusub 
856 4 |a https://sweb.mtf.stuba.sk/obsahy/Termomechanika_06.pdf  |u https://sweb.mtf.stuba.sk/obsahy/Termomechanika_06.pdf  |3 OBSAH 
996 |b 284M076130  |c M*S-1354-1  |l MMST  |s A  |a 24  |w stu141384_0001